外房/内房PRC型放送の使用駅 - Statistics

General Stats
  • This quiz has been taken 4 times
  • The average score is 26 of 36
Answer Stats
Hint Answer % Correct
千倉
100%
和田浦
100%
上総一ノ宮
100%
長者町
100%
大原
100%
御宿
100%
勝浦
100%
安房小湊
100%
安房天津
100%
内房PRC 青堀
100%
保田
100%
千歳
75%
安房鴨川
75%
八積
75%
東浪見
75%
太東
75%
上総興津
75%
行川アイランド
75%
竹岡
75%
浜金谷
75%
安房勝山
75%
富浦
75%
那古船形
75%
江見
50%
太海
50%
永田
50%
新茂原
50%
浪花
50%
鵜原
50%
大貫
50%
佐貫町
50%
上総湊
50%
岩井
50%
外房PRC 九重
25%
南三原
25%
三門
25%
No matching quizzes found
Score Distribution
Percent of People with Each Score
Percentile by Number Answered
Your Score History
You have not taken this quiz